000 00586nam a2200145 i 4500
001 189149
003 ES-MaACL
005 20230906223408.0
008 190410s1944 be |||| | fre d
100 1 _aDe Quincey, Thomas.
_943071
245 1 0 _aDe l'assassinat
_b: consideré comme un des beaux-arts /
_cThomas de Quincey ; traduit de l'anglais par André Fontainas.
260 _aParis :
_bMercure de France ;
_aBruxelles :
_bLes Libertes Belges,
_c[1944]
300 _a217 p. ;
_c19 cm.
852 _aES-MaACL
_jL-32305
_z. - Donat. herederos de la bibl. de Mª del Pilar Costa Palacín
999 _c189149
_d189149